000 00441nam a22001217a 4500
003 OSt
008 250120b |||||||| |||| 00| 0 eng d
041 _aeng
100 _aWorld Energy Conference
_96968
245 _aDo Working Group Vol.B 12K Congress of the World Energy Conference WG 6d Small Scale Hydropower Development in UK
260 _aNew Delhi:
_bOrganising Committe 12th Congress of the World Energy Conference,
_c1983.
942 _cBK
999 _c19076
_d19076